000 00203 a2200097 4500
001 8878
100 _aAnster J
245 _aMaaictowe's treagical history
260 _a
_bOxford
_c
090 _c7070
_d7070
942 _aNUST-CAE
_cM
_c33679
999 _c243951
_d243951